000 00431nam a2200169Ia 4500
005 20241014070013.0
008 240331s9999 xx 000 0 und d
020 _a955955906911X
082 _bRAN
_a820
100 _aRanasinghe, A
245 0 _aDesire and other stories
260 _aColombo
_bEnglish Writers Cooperative of Sri Lanka
_c1994
300 _a144 p .,
650 _a Poems
650 _aShort Stories
942 _cL
999 _c4350
_d4350